000 00698nam a22002057a 4500
999 _c64558
_d64558
005 20240530110738.0
008 180906s1990 ua g 000 0 ara d
017 _a1990/3890
_bمصر. دار الكتب
040 _aEG-CaGPL
_cEG-CaGPL
082 0 4 _221
_a212.2 /
_bأ س
100 0 _aاحمد محمد شاكر
245 1 2 _aالسمع والطاعة /
_cبقلم احمد محمد شاكر
260 _aالقاهرة :
_bمكتبة السنة،
_c1990.
300 _a25 ص. ؛
_c10 سم.
650 0 7 _2qrmak
_aالاخلاق الاسلامية
650 0 7 _2qrmak
_aالاداب الاسلامية
651 _2qrmak
942 _2ddc
_cBK